Devinez la Capitale Mystère #13 - Statistiques

Statistiques générales
  • Ce quiz a été pris 295 fois
  • Le résultat moyen est 32 sur 37
Statistiques - réponses
Type de Réponse Réponse % Correct
Lettre Trouvée A
100%
Lettre Trouvée I
100%
Lettre Trouvée R
100%
Lettre de l'Alphabet E
99%
Lettre Trouvée S
99%
Lettre Trouvée L
98%
Lettre Trouvée B
97%
Lettre de l'Alphabet N
97%
Lettre de l'Alphabet O
97%
Lettre de l'Alphabet U
97%
Lettre de l'Alphabet D
95%
Lettre de l'Alphabet P
95%
Lettre Trouvée T
95%
Lettre Bien Placée I
94%
Lettre de l'Alphabet M
94%
Lettre Bien Placée B
90%
Lettre de l'Alphabet G
90%
Lettre de l'Alphabet C
89%
Lettre de l'Alphabet K
88%
Lettre de l'Alphabet H
86%
Lettre de l'Alphabet W
84%
Lettre Bien Placée A
83%
Lettre Trouvée V
83%
Lettre de l'Alphabet Y
81%
Lettre Bien Placée R
80%
Lettre de l'Alphabet X
80%
Lettre de l'Alphabet J
79%
Lettre Bien Placée A
77%
Lettre Bien Placée L
77%
Lettre Bien Placée T
75%
Lettre de l'Alphabet Z
75%
Lettre de l'Alphabet F
73%
Lettre Bien Placée S
73%
Lettre Bien Placée A
72%
Lettre de l'Alphabet Q
71%
Capitale Mystère Bratislava
70%
Lettre Bien Placée V
70%
Aucun quiz correspondant
Distribution des résultats
% des personnes avec chaque résultat
Percentile par nombre de réponses
Votre historique - résultats
Vous n’avez pas pris ce quiz